00000000cas 2200000zi 4500
0019.961897
003CaOODSP
00520260515160328
006m     o  d f      
007cr cn ||||||||
008260414c20169999oncar p o    f0   b0fre|d
022 |a3111-086X
040 |aCaOODSP|bfre|erda|cCaOODSP
043 |an-cn---
0861 |aCi1-78F-PDF
1101 |aCanada. |bImmigration, réfugiés et citoyenneté Canada, |eauteur, |eorganisme de publication.
222 0|aÉtats financiers consolidés pour l'exercice terminé le ... |b(Canada. Immigration, réfugiés et citoyenneté Canada)
24510|aÉtats financiers consolidés pour l'exercice terminé le ...
264 1|a[Ottawa] : |bImmigration, réfugiés et citoyenneté Canada, |c[2016]-
310 |aAnnuel
336 |atexte|btxt|2rdacontent/fre
337 |ainformatique|bc|2rdamedia/fre
338 |aressource en ligne|bcr|2rdacarrier/fre
3621 |aParaît depuis : 31 mars 2016.
500 |aPublié aussi en anglais sous le titre : Consolidated financial statements for the year ended ...
500 |aCertaines livraisons sont disponibles seulement en format HTML.
588 |aDescription d'après : 31 mars 2016; titre de l'en-tête de la version HTML.
588 |aDernière livraison consultée : 31 mars 2025.
61016|aCanada. |bImmigration, réfugiés et citoyenneté Canada|xCrédits budgétaires et dépenses|vPériodiques.
650 6|aÉtats financiers non vérifiés|zCanada|vPériodiques.
655 7|aPériodiques|2rvmgf
77508|tConsolidated financial statements for the year ended ...|w(CaOODSP)9.961898